000 00592nam a2200217Ia 4500
005 20241129111049.0
008 241129s9999||||xx |||||||||||||| ||und||
020 _a978-1-63987-699-0
037 _aTB
040 _aCRL
_beng
_cCRL
041 _aeng
_2eng
084 _aP:4 R0
_qCRL
100 _aPruitt David Ed.
_9723276
245 0 _aLexical - functional grammar
_cPruitt David Ed.
260 _aNew Delhi, USA
_bClanrye International
_c2020
300 _a202p.
365 _aUSD
_b154.95
650 _aLinguistic
_9558313
942 _cTB
_hP:4 R0
999 _c1228776
_d1228776